000 00812nam a22002297a 4500
005 20090825162019.0
008 090202t xxu||||| |||| 00| 0 eng d
010 _aENG-94897
020 _c200.00
_a9788178792750
020 _c200.00
_a8178792753
035 _aEN-78430
037 _bDBAD / PUB
040 _adpl
_bEnglish
082 _a796
100 _aVarghese, Sandhu
245 _aTeaching & coaching athletics /
_cby Sandhu Varghese
260 _aNew Delhi
_bSports Publication
_c2009
270 _a7/26, Ground Floor, Ansari Road, Daryaganj
_bNew Delhi
_e110002
300 _a221p.:
_c22cm(pbk)
_bill.
942 _2ddc
_cEN
_mVAR
_h796
999 _c29597
_d29597